MARC

LEADER 00000nam0a2200000 4500
001 254603
005 20231101232942.0
010 |a 5288001618 
035 |a (RuTPU)RU\TPU\book\277089 
090 |a 254603 
100 |a 20140321d1985 k y0rusy50 ca 
101 0 |a rus 
102 |a RU 
105 |a y z 001zy 
200 1 |a Утопия и общественное сознание. Философско-социологический анализ.  |f С. С. Сизов 
210 |a Ленинград  |c Изд-во Ленинградского ун-та  |d 1988 
215 |a 120 с. 
606 1 |a Утопический социализм  |x Политиическая мысль  |x История  |2 stltpush  |3 (RuTPU)RU\TPU\subj\63480  |9 80506 
610 1 |a утопия 
610 1 |a философия 
610 1 |a общественное сознание 
610 1 |a общественные отношения 
610 1 |a критический анализ 
686 |a Ф2(0)  |v LBC/SL-A  |2 rubbk 
700 1 |a Сизов  |b С. С.  |g Сергей Сергеевич 
801 1 |a RU  |b 63413507  |c 20140321 
801 2 |a RU  |b 63413507  |c 20141210  |g RCR 
942 |c BK